|
|
|
|
| LEADER |
00000ny a22000003n 4500 |
| 005 |
2011051208428.0 |
| 008 |
940211c19939999abca s 0 eng |
| 022 |
|
|
|a 1192-8336
|
| 035 |
|
|
|a 3156
|
| 040 |
|
|
|a CaOONL
|b eng
|c CaOONL
|d vLex
|
| 041 |
0 |
|
|a engfre
|
| 090 |
|
|
|c 1732
|d 1732
|
| 245 |
0 |
0 |
|a Health law journal
|h [Recurso electrn̤ico]
|
| 256 |
|
|
|a Servicio en ln̕ea
|
| 260 |
|
|
|a Edmonton :
|b Health Law Institute
|
| 310 |
|
|
|a Anual
|
| 506 |
1 |
|
|a Contenido solo disponible en los productos indicados
|d vLex Global
|d vLex Global (Academic Edition, excluding Law Schools)
|d vLex Global (Academic Edition, Law Schools)
|
| 546 |
|
|
|a Chiefly in English; some articles in French
|
| 650 |
0 |
4 |
|a Derecho
|z Canad ̀
|x Jurisprudencia
|x Publicaciones perid̤icas
|
| 650 |
0 |
4 |
|a Derecho
|z Canad ̀
|x Legislacin̤
|x Publicaciones perid̤icas
|
| 650 |
0 |
4 |
|a Medicina
|x Derecho
|z Canad ̀
|x Publicaciones perid̤icas
|
| 650 |
0 |
4 |
|a Health
|
| 650 |
0 |
4 |
|a Sports and fitness
|
| 650 |
0 |
4 |
|a Health & Law
|
| 650 |
0 |
4 |
|a Health and Medicine
|
| 650 |
0 |
4 |
|a Law
|
| 710 |
2 |
|
|a Health Law Institute
|
| 740 |
0 |
|
|a vLex Revista (Servicios en ln̕ea)
|
| 843 |
|
|
|a Electrn̤ica. Abierta
|
| 853 |
|
|
|8 1
|i (year)
|j (month)
|k (day)
|
| 856 |
4 |
0 |
|u http://vlex.com/source/3156
|z Acceso restringido
|
| 942 |
|
|
|c REV
|
| 999 |
|
0 |
|a Medical laws and legislation
|z Canada
|v Periodicals
|
| 999 |
|
0 |
|a Jurisprudence
|z Canada
|v Periodicals
|
| 999 |
|
0 |
|a Legislation
|z Canada
|v Periodicals
|